[Event "British Rapidplay"]
[Site "Peterborough"]
[Date "2025.03.01"]
[Round "6.40"]
[White "Manley, Jonathan P"]
[Black "Mehrafarin, Amirabbas"]
[Result "1-0"]
[WhiteElo "2090"]
[BlackElo "1814"]
[PlyCount "71"]
[EventDate "2025.03.01"]
[EventType "swiss (rapid)"]
[EventRounds "11"]
[EventCountry "ENG"]
[SourceTitle "BritBase"]
[Source "John Saunders"]
[SourceDate "2025.03.03"]
[SourceVersion "1"]
[SourceVersionDate "2025.03.03"]
[SourceQuality "2"]

1. e4 c6 2. d4 d5 3. Nc3 dxe4 4. Nxe4 Nf6 5. Nxf6+ exf6 6. c3 Bd6 7. Bd3 O-O 8. Qc2 Re8+ 9. Ne2 g6 10. Be3 f5 11. O-O-O Be6 12. c4 Na6 13. a3 Bf8 14. Kb1 Rc8 15. h4 b5 16. c5 Nc7 17. h5 Nd5 18. hxg6 fxg6 19. g4 Nxe3 20. fxe3 Qd5 21. Nc3 Qb3 22. Qh2 Re7 23. gxf5 Bxf5 24. e4 Be6 25. d5 b4 26. axb4 Qxb4 27. dxe6 Qxc5 28. e5 Rb7 29. Bxg6 h6 30. Qc2 Rcb8 31. Bf7+ Kh8 32. Na4 Qxe5 33. Qd2 Qg7 34. Rh4 Rb4 35. Rdh1 R8b5 36. Rxh6+ 1-0

[Event "British Rapidplay"]
[Site "Peterborough"]
[Date "2025.03.01"]
[Round "6.42"]
[White "Hughes, Roy"]
[Black "Gupta, Leonardo"]
[Result "1-0"]
[WhiteElo "2004"]
[BlackElo "1885"]
[PlyCount "143"]
[EventDate "2025.03.01"]
[EventType "swiss (rapid)"]
[EventRounds "11"]
[EventCountry "ENG"]
[SourceTitle "BritBase"]
[Source "John Saunders"]
[SourceDate "2025.03.03"]
[SourceVersion "1"]
[SourceVersionDate "2025.03.03"]
[SourceQuality "2"]

1. d4 Nf6 2. Nf3 g6 3. Bf4 Bg7 4. e3 O-O 5. Be2 d6 6. O-O Nbd7 7. h3 b6 8. c4 c5 9. Nc3 Bb7 10. d5 a6 11. a4 Ne8 12. Rc1 Nc7 13. Re1 Nf6 14. e4 Bc8 15. Qd2 Rb8 16. Bh6 Bd7 17. Bxg7 Kxg7 18. e5 Nfe8 19. Ne4 b5 20. axb5 axb5 21. b3 bxc4 22. bxc4 Na6 23. Qc3 Kg8 24. Bd3 Bf5 25. Neg5 Bxd3 26. Qxd3 Nb4 27. Qe3 dxe5 28. Nxe5 Nd6 29. Ng4 Nf5 30. Qe4 Qd6 31. Ne3 Nd4 32. Qh4 h5 33. Ne4 Qc7 34. Rcd1 Nbc2 35. Nxc2 Nxc2 36. Re2 Nd4 37. Ra2 Rb4 38. d6 exd6 39. Nf6+ Kg7 40. Nd5 Qb8 41. Qf6+ Kh7 42. Nxb4 Qxb4 43. Qxd6 Kg8 44. Qd5 Ne6 45. Rda1 Qc3 46. Ra8 Rxa8 47. Rxa8+ Kg7 48. Qe4 Qc1+ 49. Kh2 Qb2 50. f4 Qf6 51. Qe5 Qxe5 52. fxe5 h4 53. Kg1 g5 54. Ra7 Kg6 55. Rd7 Nf4 56. Kf2 Kf5 57. Rxf7+ Kxe5 58. Kf3 Kd4 59. Rf5 Ne6 60. Rf6 Ke5 61. Rxe6+ Kxe6 62. Ke4 Kf6 63. Kd5 Kf5 64. Kxc5 g4 65. Kd6 g3 66. c5 Ke4 67. c6 Ke3 68. c7 Kf2 69. c8=Q Kxg2 70. Qg4 Kh2 71. Qxh4 g2 72. Qf2 1-0

[Event "British Rapidplay"]
[Site "Peterborough"]
[Date "2025.03.01"]
[Round "6.43"]
[White "Lapidus, Alexey M"]
[Black "Lebedev, Lion"]
[Result "1-0"]
[WhiteElo "1937"]
[BlackElo "2038"]
[PlyCount "33"]
[EventDate "2025.03.01"]
[EventType "swiss (rapid)"]
[EventRounds "11"]
[EventCountry "ENG"]
[SourceTitle "BritBase"]
[Source "John Saunders"]
[SourceDate "2025.03.03"]
[SourceVersion "1"]
[SourceVersionDate "2025.03.03"]
[SourceQuality "2"]

1. e4 e6 2. d4 d5 3. Nd2 Be7 4. Bd3 Nf6 5. e5 Nfd7 6. c3 c5 7. Ne2 Nc6 8. Nf3 O-O 9. Nf4 b6 10. a3 a5 11. Qe2 a4 12. h4 Na5 13. Bxh7+ Kxh7 14. Ng5+ Bxg5 15. hxg5+ Kg8 16. Qh5 f6 17. g6 1-0

[Event "British Rapidplay"]
[Site "Peterborough"]
[Date "2025.03.01"]
[Round "6.44"]
[White "Alizada, Eldar"]
[Black "De Sousa Muachikape, Jael"]
[Result "1-0"]
[WhiteElo "1997"]
[BlackElo "1855"]
[PlyCount "67"]
[EventDate "2025.03.01"]
[EventType "swiss (rapid)"]
[EventRounds "11"]
[EventCountry "ENG"]
[SourceTitle "BritBase"]
[Source "John Saunders"]
[SourceDate "2025.03.03"]
[SourceVersion "1"]
[SourceVersionDate "2025.03.03"]
[SourceQuality "2"]

1. d4 Nf6 2. c4 e6 3. Nc3 Bb4 4. Qc2 O-O 5. a3 Bxc3+ 6. Qxc3 d5 7. Bg5 h6 8. Bh4 Nbd7 9. e3 b6 10. cxd5 exd5 11. Nf3 Bb7 12. Be2 Rc8 13. O-O Qe8 14. b4 Ne4 15. Qb2 f5 16. Bg3 Nxg3 17. hxg3 Nf6 18. Ne5 Nd7 19. Nd3 c6 20. Rac1 Qe7 21. Rfd1 Qd6 22. Qb3 Ra8 23. Nf4 g5 24. Nd3 Rfc8 25. g4 Ba6 26. gxf5 Bc4 27. Rxc4 dxc4 28. Qxc4+ Qd5 29. Ne5 Nxe5 30. dxe5 Qxc4 31. Bxc4+ Kf8 32. Rd7 Rd8 33. Rh7 a5 34. f6 1-0

[Event "British Rapidplay"]
[Site "Peterborough"]
[Date "2025.03.01"]
[Round "6.45"]
[White "Quilter, Thomas A"]
[Black "Bakhtiyarov, Kamronbek"]
[Result "1/2-1/2"]
[WhiteElo "2162"]
[BlackElo "1676"]
[PlyCount "79"]
[EventDate "2025.03.01"]
[EventType "swiss (rapid)"]
[EventRounds "11"]
[EventCountry "ENG"]
[SourceTitle "BritBase"]
[Source "John Saunders"]
[SourceDate "2025.03.03"]
[SourceVersion "1"]
[SourceVersionDate "2025.03.03"]
[SourceQuality "2"]

1. e4 e5 2. d4 exd4 3. Qxd4 Nc6 4. Qd3 Nf6 5. Nc3 Be7 6. f4 d6 7. Bd2 a6 8. O-O-O Bg4 9. Nf3 Qd7 10. h3 Bxf3 11. gxf3 O-O-O 12. h4 Kb8 13. Bh3 Qe8 14. Rhg1 Rg8 15. Nd5 Nxd5 16. exd5 Na7 17. Rde1 Qf8 18. h5 h6 19. Bc3 Nb5 20. Bxg7 Rxg7 21. Rxg7 Qxg7 22. Rxe7 Qg3 23. Bf1 Qxf4+ 24. Qe3 Qf5 25. a4 Na7 26. Qxh6 Qxf3 27. Re1 Qxd5 28. Kb1 Nc6 29. c3 Qf5+ 30. Ka1 Na5 31. Rd1 Qc2 32. Re1 Qxa4+ 33. Kb1 Nb3 34. Qe3 f5 35. h6 f4 36. Qe7 Rh8 37. Bd3 Nd2+ 38. Kc1 Nb3+ 39. Kd1 Nd4+ 40. Kc1 1/2-1/2

[Event "British Rapidplay"]
[Site "Peterborough"]
[Date "2025.03.01"]
[Round "6.46"]
[White "Rughani, Mahin"]
[Black "Vijayakumar, Rishi"]
[Result "0-1"]
[WhiteElo "1907"]
[BlackElo "2311"]
[PlyCount "68"]
[EventDate "2025.03.01"]
[EventType "swiss (rapid)"]
[EventRounds "11"]
[EventCountry "ENG"]
[SourceTitle "BritBase"]
[Source "John Saunders"]
[SourceDate "2025.03.03"]
[SourceVersion "1"]
[SourceVersionDate "2025.03.03"]
[SourceQuality "2"]

1. d4 Nf6 2. c4 e6 3. Nf3 d5 4. g3 Be7 5. Bg2 O-O 6. O-O dxc4 7. Qc2 b6 8. Rd1 Bb7 9. Qxc4 Nbd7 10. Bf4 c5 11. Nc3 Rc8 12. Rac1 a6 13. a4 cxd4 14. Qxd4 Bc5 15. Qd3 Re8 16. Bd6 Nd5 17. Ne4 Nb4 18. Qb1 Bxe4 19. Qxe4 Nf6 20. Qb1 Bxd6 21. Rxc8 Qxc8 22. Rxd6 Nbd5 23. Ng5 Qc7 24. Rxd5 exd5 25. e3 Rc8 26. Qd3 Qc4 27. Qf5 h6 28. Nf3 Qg4 29. Qd3 Rc1+ 30. Bf1 Qxf3 31. Qxa6 Ne4 32. Qa8+ Kh7 33. Qxd5 Qxf2+ 34. Kh1 Rxf1# 0-1

[Event "British Rapidplay"]
[Site "Peterborough"]
[Date "2025.03.01"]
[Round "6.47"]
[White "Jackson, Sheila"]
[Black "Bellano, Harry"]
[Result "0-1"]
[WhiteElo "2031"]
[BlackElo "1654"]
[PlyCount "96"]
[EventDate "2025.03.01"]
[EventType "swiss (rapid)"]
[EventRounds "11"]
[EventCountry "ENG"]
[SourceTitle "BritBase"]
[Source "John Saunders"]
[SourceDate "2025.03.03"]
[SourceVersion "1"]
[SourceVersionDate "2025.03.03"]
[SourceQuality "2"]

1. e4 e5 2. Nf3 Nc6 3. Bc4 Bc5 4. c3 Nf6 5. d4 exd4 6. cxd4 Bb4+ 7. Nc3 Nxe4 8. O-O Bxc3 9. bxc3 d5 10. Bd3 Bg4 11. Re1 f5 12. Ba3 Qf6 13. Rb1 O-O-O 14. Qb3 b6 15. Bxe4 fxe4 16. Nd2 Qg5 17. Nf1 h5 18. Kh1 Na5 19. Qb5 Nc4 20. Bc1 Qf6 21. Be3 Nxe3 22. fxe3 Rdf8 23. Qxd5 Be2 24. Ng3 Bd3 25. Rbc1 c6 26. Qe5 h4 27. Qxf6 Rxf6 28. Ne2 Rhf8 29. h3 Rf2 30. Nf4 g5 31. Nxd3 exd3 32. Rcd1 d2 33. Rg1 Re2 34. e4 Rff2 35. e5 g4 36. Kh2 g3+ 37. Kh1 Kd7 38. c4 Ke6 39. a4 a5 40. Rb1 Kf5 41. e6 Rxe6 42. Rxb6 Re1 43. Rb1 Rxg1+ 44. Kxg1 Ke4 45. d5 cxd5 46. c5 Ke5 47. c6 Kd6 48. c7 Kxc7 0-1

[Event "British Rapidplay"]
[Site "Peterborough"]
[Date "2025.03.01"]
[Round "6.48"]
[White "Boswell, Jacob Connor"]
[Black "Bowers, Francis J"]
[Result "1-0"]
[WhiteElo "2245"]
[BlackElo "1820"]
[PlyCount "173"]
[EventDate "2025.03.01"]
[EventType "swiss (rapid)"]
[EventRounds "11"]
[EventCountry "ENG"]
[SourceTitle "BritBase"]
[Source "John Saunders"]
[SourceDate "2025.03.03"]
[SourceVersion "1"]
[SourceVersionDate "2025.03.03"]
[SourceQuality "2"]

1. a3 Nf6 2. Nf3 g6 3. g3 Bg7 4. Bg2 O-O 5. O-O d6 6. d4 Nbd7 7. c4 c5 8. d5 a6 9. a4 Qb6 10. Qc2 Ne8 11. Ra2 Ndf6 12. Nc3 e5 13. e4 h6 14. Nh4 Nh7 15. Kh1 Qd8 16. Bd2 g5 17. Nf5 Bxf5 18. exf5 Nhf6 19. Ra3 b6 20. a5 bxa5 21. Rfa1 Nc7 22. Nd1 Qe7 23. Be4 Nfe8 24. Bxa5 g4 25. f3 gxf3 26. Rxf3 Nf6 27. Nf2 Rfb8 28. Rg1 Nce8 29. g4 Nxe4 30. Nxe4 Nf6 31. Bc3 Nxe4 32. Qxe4 Bf6 33. g5 hxg5 34. h4 Kg7 35. Rg2 Rh8 36. Kg1 Rag8 37. hxg5 Kf8 38. gxf6 Qxf6 39. Rfg3 Qh6 40. Rxg8+ Rxg8 41. Rxg8+ Kxg8 42. Kf1 Qc1+ 43. Ke2 a5 44. f6 Qg5 45. Qf3 a4 46. Kf2 Kf8 47. Ke2 Ke8 48. Kd1 Qg1+ 49. Kc2 Qg6+ 50. Kc1 Qg1+ 51. Qd1 Qg5+ 52. Kb1 Qxf6 53. Qxa4+ Kf8 54. Qd1 Qf5+ 55. Ka2 Qc8 56. b3 Qa8+ 57. Kb2 Qc8 58. Qh5 Qd7 59. Bd2 f6 60. Qh8+ Kf7 61. Qh7+ Ke8 62. Qg8+ Ke7 63. Qg7+ Ke8 64. Qxf6 Qe7 65. Qxe7+ Kxe7 66. Bg5+ Kf7 67. Kc2 Ke8 68. Kd3 Kf7 69. Ke4 Ke8 70. Bf6 Kf7 71. Bxe5 Ke7 72. Bxd6+ Kxd6 73. Kf5 Kd7 74. Ke5 Ke7 75. d6+ Kd7 76. Kd5 Kd8 77. Kxc5 Kd7 78. b4 Kd8 79. b5 Kd7 80. b6 Kd8 81. b7 Kd7 82. Kd5 Ke8 83. Ke6 Kf8 84. Kf6 Kg8 85. b8=R+ Kh7 86. Ra8 Kh6 87. Rh8# 1-0

[Event "British Rapidplay"]
[Site "Peterborough"]
[Date "2025.03.01"]
[Round "6.49"]
[White "Finn, Peter"]
[Black "Sanitt, Ethan"]
[Result "0-1"]
[WhiteElo "2205"]
[BlackElo "2102"]
[PlyCount "72"]
[EventDate "2025.03.01"]
[EventType "swiss (rapid)"]
[EventRounds "11"]
[EventCountry "ENG"]
[SourceTitle "BritBase"]
[Source "John Saunders"]
[SourceDate "2025.03.03"]
[SourceVersion "1"]
[SourceVersionDate "2025.03.03"]
[SourceQuality "2"]

1. d4 Nf6 2. Nf3 b6 3. g3 Bb7 4. Bg2 e6 5. O-O c5 6. dxc5 Bxc5 7. c4 d5 8. cxd5 exd5 9. Nc3 O-O 10. Bg5 Be7 11. Nh4 h6 12. Bxf6 Bxf6 13. Nxd5 Bxh4 14. gxh4 Qxh4 15. Nf6+ Qxf6 16. Bxb7 Nc6 17. Bxa8 Rxa8 18. Qd5 Re8 19. Rac1 Nd4 20. Rc7 Nxe2+ 21. Kh1 Re5 22. Qa8+ Kh7 23. Qb7 Rf5 24. Qe4 Nf4 25. Rc6 Ne6 26. Rc8 g6 27. f3 Qxb2 28. Qc2 Qe5 29. Qf2 Rh5 30. Rc2 Nf4 31. Re1 Qf5 32. Qd2 Ne6 33. Rf1 Rh3 34. Rc3 Ng5 35. Qd3 Qf4 36. Rc4 Qxh2# 0-1

[Event "British Rapidplay"]
[Site "Peterborough"]
[Date "2025.03.01"]
[Round "6.50"]
[White "Walker, Martin Graham"]
[Black "Sennaroglu, Djan"]
[Result "1-0"]
[WhiteElo "2091"]
[BlackElo "1693"]
[PlyCount "101"]
[EventDate "2025.03.01"]
[EventType "swiss (rapid)"]
[EventRounds "11"]
[EventCountry "ENG"]
[SourceTitle "BritBase"]
[Source "John Saunders"]
[SourceDate "2025.03.03"]
[SourceVersion "1"]
[SourceVersionDate "2025.03.03"]
[SourceQuality "2"]

1. e4 e5 2. Nf3 Nc6 3. Bb5 a6 4. Ba4 Nf6 5. O-O b5 6. Bb3 Bc5 7. Nxe5 Nxe5 8. d4 Bxd4 9. Qxd4 d6 10. f4 c5 11. Qd1 Bg4 12. Qe1 Ng6 13. e5 dxe5 14. fxe5 Nd5 15. Qe4 Be6 16. c4 bxc4 17. Ba4+ Kf8 18. Qxc4 Qc7 19. Nc3 Rd8 20. Bg5 Nge7 21. Qe4 h6 22. Nxd5 Rxd5 23. Bf4 Bf5 24. Qe3 Rd3 25. Qe2 Qd8 26. Bc2 Qd4+ 27. Kh1 c4 28. Bxd3 Bxd3 29. Qf2 Qd7 30. e6 Qxe6 31. Rfe1 Qf6 32. Qe3 Bf5 33. Be5 Qe6 34. Qc5 Qd7 35. Bd6 Be6 36. Rad1 Ke8 37. Bxe7 Qxe7 38. Qc6+ Kf8 39. Qa8+ Qe8 40. Rd8 Ke7 41. Rxe8+ Rxe8 42. Qxa6 Kf6 43. Qd6 g5 44. a4 Ra8 45. Qe5+ Ke7 46. a5 Kd7 47. Qb5+ Kc7 48. Qb6+ Kc8 49. Qc6+ Kb8 50. a6 h5 51. Qb7# 1-0

[Event "British Rapidplay"]
[Site "Peterborough"]
[Date "2025.03.01"]
[Round "6.51"]
[White "Nezis, Anastasios"]
[Black "Dicen, Elis Denele"]
[Result "1/2-1/2"]
[WhiteElo "1891"]
[BlackElo "2129"]
[PlyCount "85"]
[EventDate "2025.03.01"]
[EventType "swiss (rapid)"]
[EventRounds "11"]
[EventCountry "ENG"]
[SourceTitle "BritBase"]
[Source "John Saunders"]
[SourceDate "2025.03.03"]
[SourceVersion "1"]
[SourceVersionDate "2025.03.03"]
[SourceQuality "2"]

1. Nf3 d5 2. c4 e6 3. e3 Nf6 4. b3 c5 5. Bb2 Nc6 6. cxd5 exd5 7. d4 cxd4 8. Nxd4 Bb4+ 9. Bc3 Bd6 10. Bd3 O-O 11. Nd2 Ne5 12. Be2 Bd7 13. O-O Rc8 14. Bb2 Qe7 15. N2f3 a6 16. Nh4 g6 17. Nhf3 Ne4 18. Nxe5 Qxe5 19. f4 Qe7 20. Nf3 Nc3 21. Qd2 Nxe2+ 22. Qxe2 Bb5 23. Qd2 Bxf1 24. Qd4 f6 25. Qxd5+ Qf7 26. Qxd6 Rc2 27. Ba3 Bxg2 28. Nd4 Rcc8 29. Kxg2 Rfd8 30. Qe7 Qd5+ 31. Kg3 Re8 32. Qxf6 Rxe3+ 33. Kf2 Rh3 34. Qe6+ Qxe6 35. Nxe6 Rxh2+ 36. Kg3 Re2 37. Ng5 Rcc2 38. Rd1 h6 39. Rd8+ Kg7 40. Rd7+ Kg8 41. Rd8+ Kg7 42. Rd7+ Kg8 43. Rd8+ 1/2-1/2

[Event "British Rapidplay"]
[Site "Peterborough"]
[Date "2025.03.01"]
[Round "6.52"]
[White "Davies, Peter L"]
[Black "Lishoy Gengis Paratazham, Dildarav"]
[Result "0-1"]
[WhiteElo "1895"]
[BlackElo "2071"]
[PlyCount "80"]
[EventDate "2025.03.01"]
[EventType "swiss (rapid)"]
[EventRounds "11"]
[EventCountry "ENG"]
[SourceTitle "BritBase"]
[Source "John Saunders"]
[SourceDate "2025.03.03"]
[SourceVersion "1"]
[SourceVersionDate "2025.03.03"]
[SourceQuality "2"]

1. e4 d6 2. d4 Nf6 3. Nc3 e5 4. Nf3 Nbd7 5. Be2 c6 6. O-O Be7 7. h3 O-O 8. a4 b6 9. Bg5 Bb7 10. Qd2 h6 11. Bh4 Qc7 12. Bg3 Rfe8 13. Rad1 Bf8 14. Bd3 a6 15. Rfe1 b5 16. axb5 axb5 17. Ra1 Rxa1 18. Rxa1 exd4 19. Nxd4 b4 20. Nd1 Nxe4 21. Bxe4 Rxe4 22. f3 Re8 23. Nf5 Qb6+ 24. Bf2 c5 25. Nde3 Ne5 26. Nd5 Qc6 27. Nde3 g6 28. Ng3 d5 29. Rd1 d4 30. Nef1 Nc4 31. Qc1 Ne5 32. Nh2 Bg7 33. b3 h5 34. Qg5 Kh7 35. Qd2 Bh6 36. Qe2 Ng4 37. Qc4 Ne5 38. Qe2 Kg8 39. Ne4 Ba6 40. Qe1 f5 0-1

[Event "British Rapidplay"]
[Site "Peterborough"]
[Date "2025.03.01"]
[Round "6.53"]
[White "Bin-Suhayl, Yousuf"]
[Black "Hutchinson, Paul A"]
[Result "1-0"]
[WhiteElo "1897"]
[BlackElo "2054"]
[PlyCount "128"]
[EventDate "2025.03.01"]
[EventType "swiss (rapid)"]
[EventRounds "11"]
[EventCountry "ENG"]
[SourceTitle "BritBase"]
[Source "John Saunders"]
[SourceDate "2025.03.03"]
[SourceVersion "1"]
[SourceVersionDate "2025.03.03"]
[SourceQuality "2"]

1. Nf3 g6 2. c4 Bg7 3. Nc3 d6 4. g3 Nc6 5. Bg2 e5 6. d3 h6 7. Rb1 a5 8. O-O Be6 9. b3 Qd7 10. Na4 Nf6 11. e3 Bh3 12. Bb2 h5 13. d4 e4 14. d5 Ne7 15. Bxh3 Qxh3 16. Ng5 Qf5 17. h4 O-O 18. Qc2 Rae8 19. Bc3 Nd7 20. Bxg7 Kxg7 21. Qc3+ Kg8 22. Qxa5 b6 23. Qd2 Ne5 24. f4 exf3 25. e4 Qg4 26. Qf4 Nd3 27. Qxf3 Qxf3 28. Rxf3 Ne5 29. Rf2 Kg7 30. Rbf1 Ng8 31. Nc3 Nh6 32. Nb5 Re7 33. Ne6+ Kg8 34. Nxf8 Kxf8 35. a4 Nd3 36. Re2 Nc5 37. Nd4 Nxe4 38. Ne6+ Ke8 39. Rxe4 fxe6 40. dxe6 Nf5 41. Kg2 c6 42. Kh3 d5 43. cxd5 cxd5 44. Re5 d4 45. Rc1 Rb7 46. Rc8+ Ke7 47. Rh8 Kf6 48. Re4 Re7 49. Rf8+ Kg7 50. Rb8 d3 51. Rd8 Kf6 52. Rxd3 Rxe6 53. Rxe6+ Kxe6 54. Rd8 Ne7 55. g4 Nc6 56. Rg8 hxg4+ 57. Kxg4 Ne5+ 58. Kg5 Kf7 59. Rb8 Nf3+ 60. Kf4 Nxh4 61. Rxb6 Nf5 62. a5 Ne7 63. Rb7 Ke6 64. Rxe7+ Kxe7 1-0

[Event "British Rapidplay"]
[Site "Peterborough"]
[Date "2025.03.01"]
[Round "6.54"]
[White "Cheng, Louis"]
[Black "Iyengar, Ilya"]
[Result "1-0"]
[WhiteElo "2015"]
[BlackElo "1979"]
[PlyCount "87"]
[EventDate "2025.03.01"]
[EventType "swiss (rapid)"]
[EventRounds "11"]
[EventCountry "ENG"]
[SourceTitle "BritBase"]
[Source "John Saunders"]
[SourceDate "2025.03.03"]
[SourceVersion "1"]
[SourceVersionDate "2025.03.03"]
[SourceQuality "2"]

1. e4 c5 2. Nc3 Nc6 3. Nf3 Nf6 4. Bb5 g6 5. e5 Ng4 6. Bxc6 dxc6 7. O-O Bg7 8. Qe2 Qc7 9. Re1 O-O 10. h3 Nh6 11. d3 Nf5 12. Bf4 Nd4 13. Nxd4 cxd4 14. Nd1 Bf5 15. Bh2 Qa5 16. b3 b5 17. a4 Qb6 18. Qd2 a5 19. Bf4 Rfd8 20. f3 Rd5 21. Nf2 Be6 22. Kh1 Qc7 23. Ng4 h5 24. Nf6+ exf6 25. exf6 Qd8 26. fxg7 Kxg7 27. Be5+ Kh7 28. Bg3 b4 29. Re4 c5 30. Rae1 Qf6 31. Be5 Qe7 32. Bg3 Re8 33. Qe2 Qd7 34. Kh2 Rg5 35. Qf2 Rd5 36. h4 Qd8 37. Bf4 Qd7 38. Qg3 Qe7 39. Re5 Qd7 40. Qg5 Rxe5 41. Qh6+ Kg8 42. Bxe5 f6 43. Qxg6+ Qg7 44. Qxe8+ 1-0

[Event "British Rapidplay"]
[Site "Peterborough"]
[Date "2025.03.01"]
[Round "6.55"]
[White "Pyda, Arjun"]
[Black "Nicholas, Koichi B"]
[Result "1/2-1/2"]
[WhiteElo "1819"]
[BlackElo "2066"]
[PlyCount "99"]
[EventDate "2025.03.01"]
[EventType "swiss (rapid)"]
[EventRounds "11"]
[EventCountry "ENG"]
[SourceTitle "BritBase"]
[Source "John Saunders"]
[SourceDate "2025.03.03"]
[SourceVersion "1"]
[SourceVersionDate "2025.03.03"]
[SourceQuality "2"]

1. e4 e5 2. Bc4 Nf6 3. d3 Nc6 4. Nc3 d6 5. f4 Be7 6. Nf3 Bg4 7. h3 Bh5 8. Be3 exf4 9. Bxf4 Bxf3 10. Qxf3 Ne5 11. Bxe5 dxe5 12. O-O-O Bb4 13. Ne2 Qe7 14. g4 O-O-O 15. Rhf1 h6 16. Ng3 Rd7 17. Nf5 Qf8 18. Nxg7 Nh7 19. Nf5 Kb8 20. Kb1 f6 21. h4 a6 22. Ng3 Qe8 23. Nh5 Rd6 24. Qe3 Rb6 25. Ka1 a5 26. Rf3 a4 27. a3 Be7 28. Rdf1 Qd7 29. Rf5 Qd6 30. Qc1 Rd8 31. R5f2 Qc5 32. c3 Rdd6 33. Ng7 Rd7 34. Nf5 Bf8 35. Ne3 Rbd6 36. Nd5 c6 37. Nxf6 Nxf6 38. Rxf6 Rxf6 39. Rxf6 Be7 40. Rxh6 b5 41. Be6 Rxd3 42. Rh8+ Kc7 43. Qh6 Qd6 44. Bf7 Rd1+ 45. Ka2 Qd3 46. Rc8+ Kxc8 47. Qxc6+ Kd8 48. Qb6+ Kd7 49. Qe6+ Kc7 50. Qc6+ 1/2-1/2

[Event "British Rapidplay"]
[Site "Peterborough"]
[Date "2025.03.01"]
[Round "6.56"]
[White "Sahoo, Shivam"]
[Black "Ortiz Sanchez, Luis"]
[Result "0-1"]
[WhiteElo "1728"]
[BlackElo "1913"]
[PlyCount "160"]
[EventDate "2025.03.01"]
[EventType "swiss (rapid)"]
[EventRounds "11"]
[EventCountry "ENG"]
[SourceTitle "BritBase"]
[Source "John Saunders"]
[SourceDate "2025.03.03"]
[SourceVersion "1"]
[SourceVersionDate "2025.03.03"]
[SourceQuality "2"]

1. d4 f5 2. c4 Nf6 3. Nc3 e6 4. g3 Bb4 5. Bg2 O-O 6. Nf3 Ne4 7. Qc2 b6 8. O-O Bxc3 9. bxc3 Bb7 10. Ne1 d6 11. f3 Nf6 12. Nd3 c5 13. e3 Nbd7 14. Rd1 Qe7 15. Nf2 Rac8 16. Qb3 e5 17. d5 e4 18. f4 a6 19. Bd2 Rb8 20. Rab1 b5 21. cxb5 axb5 22. Bc1 Ba8 23. Bf1 c4 24. Qc2 Bxd5 25. a4 bxa4 26. Rxb8 Rxb8 27. Qxa4 Nc5 28. Qc2 Nd3 29. Ba3 Nd7 30. Rb1 Qf8 31. Bg2 N7c5 32. g4 Nxf2 33. Kxf2 Nd3+ 34. Kg1 fxg4 35. Rd1 Bc6 36. Qe2 Rb3 37. Bb4 h5 38. Ba5 d5 39. h3 Bd7 40. Bb4 Qa8 41. h4 Rb2 42. Rd2 Qa1+ 43. Kh2 Rxd2 44. Qxd2 Qb2 45. Qxb2 Nxb2 46. Bc5 g6 47. Bf1 Ba4 48. Kg3 Kf7 49. Bd4 Ke6 50. Kf2 Kf5 51. Kg3 Bd1 52. Bc5 Nd3 53. Bd4 Ne1 54. Ba7 Nf3 55. Bb6 Ke6 56. Bg2 Nd2 57. Bd4 Bf3 58. Bc5 Kd7 59. Kf2 Kc6 60. Bd4 Bxg2 61. Kxg2 Kb5 62. Kf2 Ka4 63. Bf6 Kb3 64. Be5 Kc2 65. Kg3 Nf3 66. Bh8 Kd3 67. Bf6 Kxe3 68. Bg5 Kd3 69. Bf6 e3 70. f5 gxf5 71. Kf4 e2 72. Kxf5 e1=Q 73. Kg6 g3 74. Kxh5 g2 75. Kh6 Nxh4 76. Bd4 Nf5+ 77. Kg6 Nxd4 78. cxd4 g1=Q+ 79. Kf5 Qgf2+ 80. Kg4 Qeg1+ 0-1

[Event "British Rapidplay"]
[Site "Peterborough"]
[Date "2025.03.01"]
[Round "6.58"]
[White "Calvert, George"]
[Black "Hng, Mei-Xian Eunice"]
[Result "0-1"]
[WhiteElo "1740"]
[BlackElo "2066"]
[PlyCount "80"]
[EventDate "2025.03.01"]
[EventType "swiss (rapid)"]
[EventRounds "11"]
[EventCountry "ENG"]
[SourceTitle "BritBase"]
[Source "John Saunders"]
[SourceDate "2025.03.03"]
[SourceVersion "1"]
[SourceVersionDate "2025.03.03"]
[SourceQuality "2"]

1. e4 d6 2. d4 Nf6 3. Nc3 g6 4. Nf3 Bg7 5. Bd3 c6 6. O-O O-O 7. Be3 b5 8. a3 Nbd7 9. Qd2 e5 10. d5 cxd5 11. Nxd5 Nxd5 12. exd5 a6 13. a4 f5 14. Bh6 e4 15. Bxg7 Kxg7 16. Ng5 Nc5 17. Be2 bxa4 18. b4 axb3 19. cxb3 Qf6 20. Rab1 a5 21. Rfc1 h6 22. Rxc5 dxc5 23. Ne6+ Bxe6 24. dxe6 Qxe6 25. Qc3+ Qf6 26. Qxc5 Rfc8 27. Qd5 Rd8 28. Qb7+ Qf7 29. Qb6 Qd5 30. Bc4 Qd4 31. Qb7+ Qd7 32. Qb6 Rac8 33. Qxa5 Qd4 34. g3 e3 35. fxe3 Qxe3+ 36. Kf1 Rd2 37. Qa1+ Kh7 38. Bg8+ Rxg8 39. Qa7+ Qxa7 40. Rd1 Qf2# 0-1

[Event "British Rapidplay"]
[Site "Peterborough"]
[Date "2025.03.01"]
[Round "6.59"]
[White "Sagues, Vincent"]
[Black "Burton, Sean"]
[Result "1/2-1/2"]
[WhiteElo "1936"]
[BlackElo "1806"]
[PlyCount "107"]
[EventDate "2025.03.01"]
[EventType "swiss (rapid)"]
[EventRounds "11"]
[EventCountry "ENG"]
[SourceTitle "BritBase"]
[Source "John Saunders"]
[SourceDate "2025.03.03"]
[SourceVersion "1"]
[SourceVersionDate "2025.03.03"]
[SourceQuality "2"]

1. e4 c5 2. Nf3 d6 3. d4 cxd4 4. Nxd4 Nf6 5. f3 g6 6. c4 Bg7 7. Nc3 O-O 8. Be3 Nc6 9. Qd2 Nd7 10. Be2 Nxd4 11. Bxd4 Bxd4 12. Qxd4 Qb6 13. Qxb6 Nxb6 14. O-O Be6 15. b3 Rac8 16. Nb5 a6 17. Nd4 Kg7 18. Rad1 h5 19. f4 Bd7 20. Bf3 Bc6 21. Rd2 Rfd8 22. Rfd1 Nd7 23. Nxc6 bxc6 24. e5 Nc5 25. exd6 exd6 26. Rxd6 Ne6 27. Rxd8 Rxd8 28. Rxd8 Nxd8 29. Kf2 Kf6 30. Ke3 c5 31. Bd5 Ke7 32. g3 f6 33. Ke4 Kd6 34. h3 a5 35. g4 hxg4 36. hxg4 Ne6 37. Bxe6 Kxe6 38. a3 Kd6 39. Kd3 Ke6 40. Ke3 Kd6 41. Ke4 Ke6 42. f5+ gxf5+ 43. gxf5+ Kd6 44. Kf4 Ke7 45. Kg4 Kf7 46. Kf4 Ke7 47. Ke3 Kd6 48. Ke4 Kc6 49. Ke3 Kd6 50. Kf4 Ke7 51. Ke3 Kd6 52. Ke4 Kc6 53. Kf4 Kd6 54. Ke4 1/2-1/2

[Event "British Rapidplay"]
[Site "Peterborough"]
[Date "2025.03.01"]
[Round "6.62"]
[White "Keshari, Krish"]
[Black "Liu, Jacob"]
[Result "1-0"]
[WhiteElo "1669"]
[BlackElo "1779"]
[PlyCount "105"]
[EventDate "2025.03.01"]
[EventType "swiss (rapid)"]
[EventRounds "11"]
[EventCountry "ENG"]
[SourceTitle "BritBase"]
[Source "John Saunders"]
[SourceDate "2025.03.03"]
[SourceVersion "1"]
[SourceVersionDate "2025.03.03"]
[SourceQuality "2"]

1. e4 e6 2. d4 d5 3. exd5 exd5 4. Bd3 Bd6 5. Nf3 Ne7 6. c3 O-O 7. O-O Bf5 8. Qc2 Bxd3 9. Qxd3 Nd7 10. Nbd2 Nf6 11. Re1 Ng6 12. a4 Re8 13. Rxe8+ Qxe8 14. Nf1 Qd7 15. Ng3 Re8 16. Bd2 Ne4 17. Qc2 h6 18. Re1 Nxd2 19. Rxe8+ Qxe8 20. Nxd2 Qe1+ 21. Ndf1 c5 22. dxc5 Bxc5 23. Qe2 Qxe2 24. Nxe2 Ne5 25. b4 Bb6 26. a5 Bd8 27. Ne3 b6 28. axb6 Bxb6 29. Nxd5 Bd8 30. Nd4 a5 31. bxa5 Bxa5 32. Kf1 Kf8 33. Ke2 g6 34. f4 Nc4 35. Nc6 Nb6 36. Nxb6 Bxb6 37. Nd4 Ke7 38. Kd3 Kd6 39. Nf3 Ke6 40. Nd4+ Kd6 41. Kc4 Kd7 42. Kd5 Bc7 43. g3 Ba5 44. c4 Be1 45. c5 Bf2 46. c6+ Kc8 47. Nb5 f5 48. Kd6 Bg1 49. c7 g5 50. Kc6 Bc5 51. Kxc5 Kb7 52. Kd6 Kc8 53. Kc6 1-0